Music Quiz

Random Music or Song Quiz

Dylan Waits or Cohen Quiz Stats

 Plays Quiz not verified by Sporcle

Challenge
Share
Tweet
Embed
Score 0/20 Timer 01:00
0 Plays Today
Song Artist % Correct
Hurricane ???
97.8%
Tangled Up in Blue ???
97.8%
Desolation Row???
93.5%
Shelter From the Storm ???
91.3%
Way Down in the Hole???
89.1%
Suzanne ???
89.1%
Martha ???
87%
Dance Me to the End of Love ???
87%
God's Away on Business ???
87%
I Don't Wanna Grow Up ???
87%
Song Artist % Correct
Bird on the Wire ???
84.8%
Make You Feel My Love???
82.6%
I'm Your Man???
82.6%
Downtown Train ???
80.4%
The Stranger Song???
78.3%
When the Ship Comes In ???
76.1%
Goin' Out West ???
73.9%
Girl From North Country ???
73.9%
Heartattack and Vine ???
69.6%
True Love Leaves No Traces ???
67.4%

You're not logged in!

Compare scores with friends on all Sporcle quizzes.
Join for Free
OR
Log In

You Might Also Like...

Show Comments

Extras

Created Jun 21, 2012ReportNominate
Tags:Artist Quiz, Song Quiz, cohen, dylan, wait

Top Quizzes Today


Score Distribution

Your Account Isn't Verified!

In order to create a playlist on Sporcle, you need to verify the email address you used during registration. Go to your Sporcle Settings to finish the process.

Report this User

Report this user for behavior that violates our Community Guidelines.

Details: